00649nam a2200205Ia 4500008004100000020001600041050000900057050001400066245004000080250002700120260003300147260002600180260000900206300003700215440001100252500001000263650003600273999001900309952011500328170203s9999 xx 000 0 und d a0 717253716 a0 30 bG875 1992 aGrolier encyclopedia of knowledge / aInternational Edition. aUnited States of America :  bGrolier Incorporated. c1992 billustrations (colored) ; 24 cm. vvol. 1 a"A-P" aEncyclopedias and dictionaries. c305778d305778 001040aSSISBbSSISBc REFd2017-02-03l0oRef. 030 .G875 1992pUS- 0658r2017-02-03 00:00:00w2017-02-03yBK